000 00730nam a2200265Ia 4500
005 20260121171946.0
008 008 260114s9999 xx 000 0 eng d
020 _a9783030519681
037 _aEBOOK
040 _aCRL
040 _beng
040 _cCRL
041 _2eng
041 _aeng
084 _qCRL
100 _aSimon K. S. Cheung, Richard Li, Kongkiti Phusavat, Naraphorn Paoprasert, Lam-For Kwok
_91082546
245 0 _aBlended Learning. Education in a Smart Learning Environment
260 _bSpringer
260 _bSpringer
260 _c2020
856 _uhttps://link.springer.com/openurl?genre=book&isbn=978-3-030-51968-1
942 _cEBOOK
999 _c1648279
_d1648279